| 000 -LEADER |
| fixed length control field |
00972nam a2200205Ia 4500 |
| 003 - CONTROL NUMBER IDENTIFIER |
| control field |
OSt |
| 005 - DATE AND TIME OF LATEST TRANSACTION |
| control field |
20241010134108.0 |
| 007 - PHYSICAL DESCRIPTION FIXED FIELD--GENERAL INFORMATION |
| fixed length control field |
ca aa aaaaa |
| 008 - FIXED-LENGTH DATA ELEMENTS--GENERAL INFORMATION |
| fixed length control field |
201103s9999 xx 000 0 und d |
| 040 ## - CATALOGING SOURCE |
| Transcribing agency |
SSBUL |
| 041 ## - LANGUAGE CODE |
| Language code of text/sound track or separate title |
bur |
| 082 ## - DEWEY DECIMAL CLASSIFICATION NUMBER |
| Edition number |
23 |
| Classification number |
၂၉၄.၃၄၃၅၀၉ တင် |
| Item number |
၉၀၉၀ S-SAT |
| 100 0# - MAIN ENTRY--PERSONAL NAME |
| Personal name |
တင်နိုင်တိုး |
| 9 (RLIN) |
14445 |
| 245 10 - TITLE STATEMENT |
| Title |
ဆံတော်ရှင်ကျိုက်ထီးရိုးသမိုင်းနှင့် လေ့လာကြည်ညိုဖွယ်များ / |
| Statement of responsibility, etc. |
တင်နိုင်တိုး။ |
| 260 ## - PUBLICATION, DISTRIBUTION, ETC. |
| Place of publication, distribution, etc. |
ရန်ကုန် ၊ |
| Name of publisher, distributor, etc. |
ယုံကြည်ချက်စာပေ၊ |
| Date of publication, distribution, etc. |
၂၀၀၅။ |
| 300 ## - PHYSICAL DESCRIPTION |
| Extent |
၁၃၉ စာမျက်နှာ ၊ |
| Other physical details |
ပုံများ ၊ |
| Dimensions |
၁၈ စင်တီ။ |
| 500 ## - GENERAL NOTE |
| General note |
S-SAT: Dr. Sai Aung Tun |
| 650 ## - SUBJECT ADDED ENTRY--TOPICAL TERM |
| Topical term or geographic name entry element |
ကျိုက်ထီးရိုးဘုရား |
| Form subdivision |
သမိုင်း |
| 9 (RLIN) |
55001 |
| 942 ## - ADDED ENTRY ELEMENTS (KOHA) |
| Source of classification or shelving scheme |
|
| Koha item type |
Book (Short term) |